000 00529nam a2200169Ia 4500
003 GCL
008 140319s9999 xx 000 0 ara d
040 _aGCL /
_cGCL
082 0 4 _a811.009
_bع م
100 1 _aعلى احمد سعيد
245 1 0 _aمقدمة للشعر العربى (هدية من الاديب عبدالفتاح الجمل) /
_cعلى احمد سعيد
300 _a143 ص
490 _a
650 0 4 _aالادب العربى
650 0 4 _aالشعر العربى - تاريخ ونقد
942 _2ddc
_cBK
999 _c47230
_d47230